[Event "FRA-ch Blitz"]
[Site "Saint Maur des Fosses"]
[Date "2025.06.15"]
[Round "2"]
[White "Edouard, Romain"]
[Black "Zeller, Thomas"]
[Result "1-0"]
[WhiteElo "2553"]
[BlackElo "1902"]
[PlyCount "37"]
[EventDate "2025.06.15"]
[EventType "swiss"]
[EventRounds "13"]
[EventCountry "FRA"]
[SourceTitle "CB25_2025"]
[SourceDate "2025.06.18"]
[SourceVersion "1"]
[SourceVersionDate "2025.06.18"]
[SourceQuality "1"]

1. d4 d5 2. c4 e5 3. e3 exd4 4. exd4 Nf6 5. Nf3 Be7 6. Nc3 0-0 7. c5 b6 8. cxb6 axb6 9. Bd3 Ba6 10. 0-0 Bxd3 11. Qxd3 c5 12. Bg5 Nc6 13. Rfe1 h6 14. Bh4 c4 15. Qd2 Re8 16. Ne5 Qc7 17. Bxf6 Bxf6 18. Nb5 Qb8 19. Nxc6 1-0

[Event "FRA-ch Blitz Online Qual"]
[Site "Europe Echecs INT"]
[Date "2020.05.16"]
[Round "12"]
[White "Coutton, Sylvain"]
[Black "Zeller, Thomas"]
[Result "1-0"]
[WhiteElo "2185"]
[BlackElo "1792"]
[PlyCount "99"]
[EventDate "2020.05.16"]
[EventType "swiss (blitz)"]
[EventRounds "15"]
[EventCountry "FRA"]
[SourceTitle "CBM 196 Extra"]
[Source "ChessBase"]
[SourceDate "2020.07.31"]
[SourceVersion "1"]
[SourceVersionDate "2020.07.31"]
[SourceQuality "1"]

1. d4 d5 2. c4 c6 3. Nf3 Nf6 4. Nc3 dxc4 5. a4 Bf5 6. Nh4 Bc8 7. e3 e6 8. Bxc4 Bb4 9. 0-0 0-0 10. Nf3 Nbd7 11. Qc2 Re8 12. e4 e5 13. Bxf7+ Kxf7 14. Qb3+ Kf8 15. Qxb4+ Qe7 16. Qxe7+ Rxe7 17. dxe5 Nxe5 18. Nxe5 Rxe5 19. Bf4 Re8 20. Rfe1 Be6 21. Rad1 Rad8 22. f3 Bb3 23. Rxd8 Rxd8 24. Kf2 Nd7 25. Bc7 Rc8 26. Bd6+ Kf7 27. Re2 Nb6 28. e5 Re8 29. Re4 Nc4 30. Bc7 Nxb2 31. a5 Nd3+ 32. Ke3 Nc5 33. Rf4+ Ke6 34. Rh4 h6 35. Rg4 g5 36. h4 Kf5 37. hxg5 hxg5 38. Bd6 Ne6 39. Ne4 Nf4 40. g3 Nd5+ 41. Kf2 Bc2 42. Rxg5+ Ke6 43. Rg6+ Kd7 44. Rg7+ Kc8 45. Ng5 c5 46. f4 c4 47. Ke2 Bd3+ 48. Kd2 Nb4 49. Rc7+ Kb8 50. Rxc4+ 1-0

[Event "FRA-ch Blitz Online Qual"]
[Site "Europe Echecs INT"]
[Date "2020.05.16"]
[Round "11"]
[White "Zeller, Thomas"]
[Black "Maugenest, Ghislain"]
[Result "1-0"]
[WhiteElo "1792"]
[BlackElo "2013"]
[PlyCount "61"]
[EventDate "2020.05.16"]
[EventType "swiss (blitz)"]
[EventRounds "15"]
[EventCountry "FRA"]
[SourceTitle "CBM 196 Extra"]
[Source "ChessBase"]
[SourceDate "2020.07.31"]
[SourceVersion "1"]
[SourceVersionDate "2020.07.31"]
[SourceQuality "1"]

1. e4 e5 2. Nf3 Nc6 3. c3 d5 4. Qa4 Bd7 5. Bb5 a6 6. Bxc6 Bxc6 7. Qb3 Bd6 8. exd5 Bd7 9. 0-0 f5 10. Re1 Qf6 11. Qxb7 Rd8 12. d4 e4 13. Bg5 Qg6 14. Bxd8 Kxd8 15. Ne5 Qh5 16. Nd2 Nf6 17. Ndc4 Ke7 18. Nxd6 cxd6 19. Nxd7 Nxd7 20. f3 Rb8 21. Qxa6 Rxb2 22. fxe4 Qg4 23. exf5+ Kf7 24. Qf1 Nf6 25. Rab1 Rxa2 26. Rb7+ Kf8 27. Qf3 Qh4 28. Qe3 Ne4 29. Qxe4 Qf2+ 30. Kh1 Re2 31. Qxe2 1-0

[Event "Besancon op"]
[Site "Besancon"]
[Date "2014.??.??"]
[Round "7"]
[White "Toch, Lastar"]
[Black "Zeller, Thomas"]
[Result "1-0"]
[WhiteElo "1862"]
[BlackElo "1429"]
[PlyCount "78"]
[EventDate "2014.10.29"]
[EventType "swiss"]
[EventRounds "7"]
[EventCountry "FRA"]
[SourceTitle "EXT 2016"]
[Source "ChessBase"]
[SourceDate "2015.10.08"]
[SourceVersion "1"]
[SourceVersionDate "2015.10.08"]
[SourceQuality "1"]

1. d4 d5 2. c4 c6 3. Nf3 Nf6 4. e3 Bf5 5. Qb3 Qb6 6. Nc3 Qxb3 7. axb3 e6 8. Na4 Nbd7 9. Be2 Bd6 10. 0-0 0-0 11. c5 Bc7 12. b4 a6 13. b3 b6 14. Nxb6 Nxb6 15. cxb6 Bxb6 16. Rxa6 Rxa6 17. Bxa6 Rb8 18. Ne5 Bc7 19. Nxc6 Rb6 20. Ne7+ Kf8 21. Nxf5 Rxa6 22. Ng3 Rb6 23. Bd2 Bd6 24. Rb1 Bxb4 25. Bxb4+ Rxb4 26. Kf1 Nd7 27. Ke2 Ke7 28. Kd3 Nb6 29. Kc3 Rb5 30. Ra1 Nd7 31. Ra7 g6 32. Ne2 Rb6 33. Nf4 Ke8 34. Nd3 Rb5 35. b4 Rb8 36. Kb3 Nb6 37. Ne5 f6 38. Rxh7 Rc8 39. Rh8+ Ke7 1-0